Responses for show #5487 - Tuesday, June 17, 2008

Dave Simpson game 2.

Contestants

Brian MacKenzie, a history teacher originally from Federal Way, Washington

Ginger Beireis, a realtor from Clarksville, Tennessee

Dave Simpson, a pastor from Belcamp, Maryland (whose 1-day cash winnings total $21,600)

Jeopardy! Round responses

POPE-POURRI
FROM BOOK TO BIG SCREEN
LET'S EAT
NATION STATION
TYCOONS
"TWO""THOUSAND" & "EIGHT"
    $200 1
Benedict

Dave
    $200 16
A Geisha

Brian
    $200 3
beans

Ginger
    $200 21
Cuba

Dave
    $200 26
Bill Gates

Dave
    $200 10
two in the bush

Brian
    $400 2
Pope John Paul II

Ginger
    $400 17
War of the Worlds

Ginger
    $400 4
meringue

Ginger
    $400 22
Indonesia

Dave
    $400 27
Donald Trump

Dave
    $400 11
Eight Men Out

Dave
    $600 7
Spain

Dave
    $600 18
The Da Vinci Code

Brian
    $600 5
spinach

Ginger
    $600 23
Liberia

Dave
    $600 28
Buffett

Brian
    $600 12
Section 8

Dave
    $800 8
his scaffold

Ginger
    $800 19
Jumper

Brian
    $800 6
pork chops

Dave
    $4,800 24
the Philippines

Dave
    $800 29
Howard Hughes

Dave
    $800 13
8 To The Bar

Triple Stumper
    $1000 15
antipope

Brian
    $1000 20
One Flew Over the Cuckoo's Nest

Brian
    $1000 9
pepper

Ginger
    $1000 25
Jordan

Brian
    $1000 30
Charles Revson

Triple Stumper
    $1000 14
A Thousand Acres

Dave

Scores at the first commercial break (after clue 15):

Dave Ginger Brian
$3,600 $3,400 $1,200

Scores at the end of the Jeopardy! Round:

Dave Ginger Brian
$11,000 $3,800 $5,400

Double Jeopardy! Round responses

THE SPANISH-AMERICAN WAR
BEFORE & AFTER
MORE NASAL PASSAGES
AIRLINE & HUB
YOU'RE PROPANE
YOU PROBABLY THINK THIS SONG IS ABOUT YOU
    $400 4
the U.S.S. Maine

Brian
    $400 10
Chris Rock of Gibralter

Triple Stumper
    $400 1
blackbird

Ginger
    $400 15
Dallas Ft. Worth

Ginger
    $400 26
(Brian: [As Alex calls on Ginger] What is [*]?)
...
(Alex: Yes, Brian is so eager, he's shouting out responses!)

hot air

Ginger
    $400 9
Lennon

Dave
    $800 5
Manila Bay

Brian
    $5,000 11
The Price is Right to bear arms

Dave
    $800 2
The Canterbury Tales

Ginger
    $800 16
Charlotte

Dave
    $800 27
liquid

Dave
    $800 22
Martin Luther King, Jr.

Dave
    $1200 6
the Civil War

Brian
    $1200 12
Jo March of the Penguins

Dave
    $1200 3
Psalms

Brian
    $1200 17
Air France

Ginger
    $1200 28
(1 of) natural gas or petroleum

Triple Stumper
    $1200 23
"Rhiannon"

Brian
    $1600 7
the Battle of San Juan Hill

Brian
    $1600 13
Ugly American Idol

Dave
    $1600 20
(Alex: Still applies today--you either drink wine, or [*] a fool. Sometimes you do both!)

kiss

Triple Stumper
    $1600 18
Delta

Ginger
    $1600 29
a hydrocarbon

Triple Stumper
    $1600 24
Sting

Dave
    $2000 8
William McKinley

Brian
    $2000 14
West Virginia Woolf

Triple Stumper
    $2000 21
Edgar Allan Poe

Triple Stumper
    $4,000 19
(Ginger: What is Pittsburgh?)

Chicago O'Hare

Ginger
    $2000 30
smell

Ginger
    $2000 25
Pink Floyd

Brian

Scores at the end of the Double Jeopardy! Round:

Dave Ginger Brian
$23,200 $6,600 $15,800

[wagering suggestions for these scores]

Final Jeopardy! Round responses

FAMOUS NAMES
GingerWho is Napoleon?
$2,227
BrianWho is Napoleon?
$15,800
DaveWho is Napoleon Bonaparte?
$8,401
Napoleon

Final scores:

Dave Ginger Brian
$31,601 $8,827 $31,600
2-day champion: $53,201 3rd place: $1,000 2nd place: $2,000

Game dynamics:

Coryat scores:

Dave Ginger Brian
$15,000 $10,600 $15,800
21 R
(including 2 DDs),
0 W
14 R,
1 W
(including 1 DD)
16 R,
0 W

Combined Coryat: $41,400

The J! Archive is created by fans, for fans. The Jeopardy! game show and all elements thereof, including but not limited to copyright and trademark thereto, are the property of Jeopardy Productions, Inc. and are protected under law. This website is not affiliated with, sponsored by, or operated by Jeopardy Productions, Inc. Join the discussion at JBoard.tv.